India and the Pandemic: (Record no. 184171)

MARC details
000 -LEADER
fixed length control field 00515nam a22001697a 4500
005 - DATE AND TIME OF LATEST TRANSACTION
control field 20220113162806.0
010 ## - LCCN (DPL NO)
LC control number ENG-131115
020 ## - INTERNATIONAL STANDARD BOOK NUMBER
International Standard Book Number 978-93-5442-009-2
Terms of availability 695.00
035 ## - SYSTEM CONTROL NUMBER
System control number EN-114647
037 ## - SOURCE OF ACQUISITION
Source of stock number/acquisition DBAD
082 ## - DEWEY DECIMAL CLASSIFICATION NUMBER
Classification number 362.196241400954
245 ## - TITLE STATEMENT
Title India and the Pandemic:
Remainder of title The First Year/
260 ## - PUBLICATION, DISTRIBUTION, ETC. (IMPRINT)
Place of publication, distribution, etc Telangana
Name of publisher, distributor, etc Orient Blackswan Private Limited
Date of publication, distribution, etc 2020
270 ## - ADDRESS
City Telangana
Address 3-6-752 Himayatnagar
Postal code 500029
300 ## - PHYSICAL DESCRIPTION
Extent 335p.
Dimensions 21cm(pbk)
942 ## - ADDED ENTRY ELEMENTS (KOHA)
Source of classification or shelving scheme Dewey Decimal Classification
Item type English Books
Classification part 362.196241400954
Call number suffix IND
Holdings
Withdrawn status Lost status Not for loan Collection code Home library Current library Date acquired Source of acquisition Cost, normal purchase price Full call number Barcode Copy number Cost, replacement price Koha item type
      Non-fiction Patel Nagar Patel Nagar 13/01/2022 DBAD/PUB 695.00 362.196241400954 IND EN-114647 1 695.00 English Books

© Delhi Public Library
Hit Counter
free hit counter